000 00175nam a2200073Ia 4500
008 170524s9999 xx 000 0 und d
100 _aRATHOR- B.S
245 0 _aEXPORT MARKETING
260 _bHIMALYA PUB. HOUSE
999 _c8200
_d8200